O paraíso é uma questão pessoal / (Record no. 41)

MARC details
000 -LÍDER
campo de controle de tamanho fixo 01302nam a2200313 4500
001 - NÚMERO DE CONTROLE
campo de controle 41
003 - IDENTIFICADOR DO NÚMERO DE CONTROLE
campo de controle OSt
005 - DATA E HORÁRIO DA ÚLTIMA TRANSAÇÃO
campo de controle 20250122081945.0
008 - CAMPO DE DADOS FIXOS--INFORMAÇÃO GERAL
campo de controle de tamanho fixo 250122b |||||||g |||| 00| 1 eng d
040 ## - FONTE DA CATALOGAÇÃO
Idioma da catalogação por
041 ## - CÓDIGO DE IDIOMA
Código do idioma do original e/ou traduções intermediárias do texto eng
Código do idioma do texto/trilha sonora ou título diferente por
082 ## - CDD - CLASSIFICAÇÃO DECIMAL DE DEWEY
Número de Classificação 813
Número do exemplar B118p
100 1# - ENTRADA PRINCIPAL--NOME PESSOAL
Nome pessoal Bach, Richard,
Datas associadas ao nome 1936-
9 (RLIN) 99
240 ## - TÍTULO UNIFORME
Título uniforme A gift of wings
245 ## - TÍTULO
Título O paraíso é uma questão pessoal /
Indicação de responsabilidade, etc. Bach, Richard ; Tradução de Vera Neves Pedroso e Ilustração de K. O. Eckland
250 ## - EDIÇÃO
Declaração de edição 12° edição
260 ## - PUBLICAÇÃO, DISTRIBUIÇÃO, ETC.
Local de publicação, distribuição, etc. Rio de Janeiro
Nome do editor, distribuidor, etc. Record
Data da publicação, distribuição, etc. 1974
300 ## - DESCRIÇÃO FÍSICA
Extensão 109 p.
Outros detalhes físicos il.
520 ## - NOTA DE RESUMO, ETC.
Resumo, etc. Uma vez em uma geração, um livro, uma visão, um escritor, capturam a imaginação e as emoções de milhões. Jonathan Livingston Seagull foi um desses livros. A visão única de Richard Bach brilha novamente, tocando com magia o drama da vida em todos os seus horizontes ilimitados. Mais uma vez, Richard Bach escreveu uma obra-prima para ajudar você a tocar aquela parte da sua casa que é o céu.
650 #0 - ASSUNTO--TERMO TÓPICO
Cabeçalho tópico ou nome geográfico Literatura Americana
9 (RLIN) 84
650 #0 - ASSUNTO--TERMO TÓPICO
Cabeçalho tópico ou nome geográfico Historias curtas
9 (RLIN) 67
650 #0 - ASSUNTO--TERMO TÓPICO
Cabeçalho tópico ou nome geográfico Espiritualidade
9 (RLIN) 16
650 #0 - ASSUNTO--TERMO TÓPICO
Cabeçalho tópico ou nome geográfico Auto Conhecimento
9 (RLIN) 19
650 #0 - ASSUNTO--TERMO TÓPICO
Cabeçalho tópico ou nome geográfico Filosofia
9 (RLIN) 4
655 #0 - TERMO DE ÍNDICE--GÊNERO E FORMA
Gênero/forma/ou termo foco Conto
700 ## - ENTRADA ADICIONADA - NOME PESSOAL
Nome pessoal Vera Neves Pedroso
Função do autor por extenso Tradutor
9 (RLIN) 112
700 ## - ENTRADA ADICIONADA - NOME PESSOAL
Nome pessoal K. O. Eckland
Função do autor por extenso Ilustração
9 (RLIN) 113
942 ## - ELEMENTOS DE ENTRADA ADICIONADOS (KOHA)
Fonte de classificação ou esquema de arquivamento Classificação decimal de Dewey
Ocultar no OPAC Não
Tipo de material Koha Livros
Holdings
Situação do descarte Situação das perdas Fonte de classificação ou esquema de arquivamento Status danificado Não pode ser emprestado Coleção Biblioteca de origem Biblioteca atual Localização na estante Data de aquisição Fonte de aquisição Total de empréstimos Número de chamada completo Código de barras Data de último acesso Data do preço efetivo Tipo de material Koha
    Classificação decimal de Dewey     Ficção Biblioteca Professor Eduardo Afonso de Castro Biblioteca Professor Eduardo Afonso de Castro Literatura Estrangeira 28.08.2012 doação   813 / B118p 2025-2881 20.01.2025 20.01.2025 Livros

Powered by Koha